000 00325nam a2200121Ia 4500
008 220204s9999 xx 000 0 und d
082 _a065
_bBIR
100 _aBirchall, David
245 0 _aJob design: A planning and implementation guide for managers
260 _aEngland
_bGower
_c1975
650 _aManagement
942 _cBK
999 _c25504
_d25504